Sustainable resource use: institutional dynamics and economics (Record no. 80872)

MARC details
000 -LEADER
fixed length control field 01271nam a2200229 a 4500
008 - FIXED-LENGTH DATA ELEMENTS--GENERAL INFORMATION
fixed length control field 090323s2007 ||||||||||||||||| || u
020 ## - INTERNATIONAL STANDARD BOOK NUMBER
International Standard Book Number 9781844074594
050 ## - LIBRARY OF CONGRESS CALL NUMBER
Classification number HC 79.E5 SUS
100 ## - MAIN ENTRY--PERSONAL NAME
Personal name Smajgl, Alex
245 10 - TITLE STATEMENT
Title Sustainable resource use: institutional dynamics and economics
Statement of responsibility, etc. edited by Alex Smajgl and Silva Larson
260 ## - PUBLICATION, DISTRIBUTION, ETC.
Place of publication, distribution, etc. London:
Name of publisher, distributor, etc. Earthscan
Date of publication, distribution, etc. 2007
300 ## - PHYSICAL DESCRIPTION
Extent ix, 278p.: ill.
350 ## -
-- 0.00
650 ## - SUBJECT ADDED ENTRY--TOPICAL TERM
Topical term or geographic name entry element NATURAL RESOURCES--MANAGEMENT
650 ## - SUBJECT ADDED ENTRY--TOPICAL TERM
Topical term or geographic name entry element SUSTAINABLE DEVELOPMENT--ARAB REGION
650 #0 - SUBJECT ADDED ENTRY--TOPICAL TERM
Topical term or geographic name entry element ECONOMICS
700 ## - ADDED ENTRY--PERSONAL NAME
Personal name Larson, Silva
995 ## -
-- MAIN LIBRARY OPEN ACCESS
-- 0.00
-- 740828
-- CBU-MAIN LIBRARY (Kitwe)
-- 1
-- 0.00
-- HC 79.E5 SUS
-- 2
-- AVAILABLE
-- Mar 17, 2010
-- 740828
-- Main Library Open Access Collection
995 ## -
-- MAIN LIBRARY OPEN ACCESS
-- 0.00
-- 740829
-- CBU-MAIN LIBRARY (Kitwe)
-- 1
-- 0.00
-- HC 79.E5 SUS
-- 3
-- AVAILABLE
-- Mar 17, 2010
-- 740829
-- Main Library Open Access Collection
995 ## -
-- MAIN LIBRARY OPEN ACCESS
-- 0.00
-- 741120
-- CBU-MAIN LIBRARY (Kitwe)
-- 1
-- 0.00
-- HC 79.E5 SUS
-- 4
-- AVAILABLE
-- Mar 31, 2010
-- 741120
-- Main Library Open Access Collection
995 ## -
-- ANNEX COLLECTION (Main Library)
-- 0.00
-- 739864
-- CBU-MAIN LIBRARY (Kitwe)
-- 1
-- 0.00
-- HC 79.E5 SUS
-- 1
-- AVAILABLE
-- Apr 16, 2009
-- 739864
-- Annex Low-Usage Collection
999 ## -
-- 80872
-- 80872
Holdings
Withdrawn status Lost status Source of classification or shelving scheme Damaged status Not for loan Permanent Location Current Location Shelving location Date acquired Total Checkouts Full call number Barcode Date last seen Copy number Price effective from Koha item type
          CBU-MAIN LIBRARY, KITWE. CBU-MAIN LIBRARY, KITWE.   07/11/2023   HC 79.E5 SUS 740828 07/11/2023 1 07/11/2023 MONOGRAPH
          CBU-MAIN LIBRARY, KITWE. CBU-MAIN LIBRARY, KITWE.   07/11/2023   HC 79.E5 SUS 740829 07/11/2023 2 07/11/2023 MONOGRAPH
          CBU-MAIN LIBRARY, KITWE. CBU-MAIN LIBRARY, KITWE.   07/11/2023   HC 79.E5 SUS 741120 07/11/2023 3 07/11/2023 MONOGRAPH
          CBU-MAIN LIBRARY, KITWE. CBU-MAIN LIBRARY, KITWE.   07/11/2023   HC 79.E5 SUS 739864 07/11/2023 4 07/11/2023 MONOGRAPH